Fundamental law of Pakistan : (Record no. 49783)
[ view plain ]
| 000 -LEADER | |
|---|---|
| fixed length control field | 00922nam a2200229 a 4500 |
| 001 - CONTROL NUMBER | |
| control field | 49783 |
| 003 - CONTROL NUMBER IDENTIFIER | |
| rucl marc code | BD-RjUL |
| 005 - DATE AND TIME OF LATEST TRANSACTION | |
| control field | 20211209054729.0 |
| 008 - FIXED-LENGTH DATA ELEMENTS--GENERAL INFORMATION | |
| fixed length control field | 500101s1958 pa 001 0 eng d |
| 035 ## - SYSTEM CONTROL NUMBER | |
| System control number | (BD-RjUL) 49903 |
| 040 ## - CATALOGING SOURCE | |
| Original cataloging agency | DLC |
| Transcribing agency | SOI |
| Modifying agency | EQO |
| -- | BD-RjUL |
| Language of cataloging | eng |
| 041 ## - LANGUAGE CODE | |
| Language code of text/sound track or separate title | eng |
| 082 ## - DEWEY DECIMAL CLASSIFICATION NUMBER | |
| Edition number | 23 |
| Classification number | 342 |
| Author mark and year | BRF 1958 |
| 090 ## - LOCALLY ASSIGNED LC-TYPE CALL NUMBER (OCLC); LOCAL CALL NUMBER (OCLC) | |
| Classification number (OCLC) (R) ; Classification number, CALL (RLIN) (NR) | XF5231 |
| Local cutter number (OCLC) ; Book number/undivided call number, CALL (RLIN) | .B7 |
| 100 1# - MAIN ENTRY--PERSONAL NAME | |
| Personal name | Brohi, A. K. |
| Fuller form of name | (Allahbukhsh Karimbukhsh), |
| Dates associated with a name | 1915-1987. |
| 9 (RLIN) | 149232 |
| 245 10 - TITLE STATEMENT | |
| Title | Fundamental law of Pakistan : |
| Remainder of title | being an exposition and a critical review of the juridical, political, and ideological implications of the Constitution of the Islamic Republic of Pakistan in the light of the basic principles of comparative constitutional jurisprudence / |
| Statement of responsibility, etc. | by A. K. Brohi |
| 260 ## - PUBLICATION, DISTRIBUTION, ETC. (IMPRINT) | |
| Place of publication, distribution, etc. | Karachi : |
| Name of publisher, distributor, etc. | Din Muhammadi Press, |
| Date of publication, distribution, etc. | 1958 |
| 300 ## - PHYSICAL DESCRIPTION | |
| Pagination | xxviii, 1017 p. ; |
| Size | 27 cm |
| 500 ## - GENERAL NOTE | |
| General note | Errata slip inserted |
| 650 #0 - SUBJECT ADDED ENTRY--TOPICAL TERM | |
| Topical term or geographic name as entry element | Constitutional law |
| Geographic subdivision | Pakistan |
| 9 (RLIN) | 141385 |
| 942 ## - ADDED ENTRY ELEMENTS (KOHA) | |
| Source of classification or shelving scheme | Dewey Decimal Classification |
| Koha item type | Books |
| Lost status | Source of classification or shelving scheme | Damaged status | Not for loan | Collection code | Permanent Location | Current Location | Shelving location | Date acquired | Source of acquisition | Cost, normal purchase price | Total Checkouts | Full call number | Date last seen | Copy number | Koha item type |
|---|---|---|---|---|---|---|---|---|---|---|---|---|---|---|---|
| Dewey Decimal Classification | Non-fiction | Central Library, University of Rajshahi | Central Library, University of Rajshahi | 21/08/1968 | Pakistan Book Centre, Karachi | 70.00 | 342 BRF 1958 | 22/08/2016 | C-2 | Books |